000 00323nam a2200145Ia 4500
005 20260328101509.0
008 260328s9999||||xx |||||||||||||| ||und||
100 _aLe Corbusier
245 0 _aUrbanisme /
_cLe Corbusier
250 _aOriginal
260 _bArtahud
300 _a283 p.
650 _aURBANISMO
942 _cBK
999 _c9147
_d9147